Wszystkie języki słowiańskie (z mapą) - Statystyki

Ogólne statystyki
  • Ten quiz został rozwiązany 9 339 razy
  • Średni wynik to 14 z 18
Odpowiedzi na mapie
Odpowiedzi zakodowano w zielono-czerwonej skali na mapie do tego quizu, zgodnie z poniższymi procentami.
 
Statystyki odpowiedzi
Grupa Dialekt Liczba mówiących w
języku
Język / dialekt % Poprawnych
zachodniosłowiańskie - 38 mln Polski
100%
zachodniosłowiańskie - 10 mln Czeski
99%
wschodniosłowiańskie - 150 mln Rosyjski
99%
wschodniosłowiańskie - 32 mln Ukraiński
99%
zachodniosłowiańskie - 5,2 mln Słowacki
98%
wschodniosłowiańskie - 3,3 mln Białoruski
94%
południowosłowiańskie serbsko-chorwackiego 5,6 mln Chorwacki
94%
południowosłowiańskie - 7,8 mln Bułgarski
93%
południowosłowiańskie serbsko-chorwackiego 9 mln Serbski
92%
południowosłowiańskie - 2,1 mln Słoweński
92%
południowosłowiańskie - 1,4 mln Macedoński
91%
zachodniosłowiańskie - 50 tys. Kaszubski
86%
zachodniosłowiańskie polskiego 522 tys. Śląski
86%
południowosłowiańskie serbsko-chorwackiego 2,5 mln Bośniacki
75%
południowosłowiańskie serbsko-chorwackiego 240 tys. Czarnogórski
66%
zachodniosłowiańskie - 20 tys. Łużycki
31%
wschodniosłowiańskie 70 tys. Rusiński
31%
południowosłowiańskie - 24 mln Serbsko-chorwacki
18%
Nie znaleziono quizów pasujących do podanych kryteriów
Rozkład punktacji
Procent ludzi z każdym wynikiem
Percentyl według liczby udzielonych odpowiedzi
Twoja historia wyników
Nie rozwiązałeś tego quizu